ZNAČENNJA I VISLIV

Bibliographic Details
Main Author: V'jera, Žemberova (Author)
Format: Article
Language:Ukrainian

MARC

LEADER 00000nab a2200000ua 4500
001 vtls010809850
003 SK-MaSNL
005 20260303131903.0
008 230218s1999 xo |||||||||||||||||ukr|
035 |a (urnnbn)urn:nbn:sk:snk:ar-0043ox 
035 |a (uuid)6b17c157-64cf-441d-9ff6-f8239becbe73 
035 |a urn:nbn:sk:snk-ab42tt 
040 |a SNKBUCL  |b slo  |c SNKBUCL  |e AACR2 
041 0 |a ukr 
044 |a xo  |c SK 
100 1 |a V'jera, Žemberova  |4 aut  |9 1144689 
245 1 0 |a ZNAČENNJA I VISLIV  |c V'jera Žemberova 
773 0 |t Duklja : literaturno-chudožnij ta hromads'ko-polityčnyj al'manach  |g Roč. 47, č. 4 (1999), s. 50-53 
958 |a OND 
958 |a EUIPO 
958 |a article3 
999 |c 1947631  |d 1949561